[Event "SVK-chT 2324"]
[Site "Slovakia"]
[Date "2024.01.20"]
[Round "5.8"]
[White "Tropp, Frantisek"]
[Black "Joba, Arpad"]
[Result "1/2-1/2"]
[WhiteElo "2092"]
[BlackElo "2113"]
[PlyCount "49"]
[EventDate "2023.11.04"]
[EventType "team-tourn"]
[EventRounds "11"]
[EventCountry "SVK"]
[SourceTitle "CB04_2024"]
[SourceDate "2023.10.16"]
[SourceVersion "1"]
[SourceVersionDate "2023.10.16"]
[SourceQuality "1"]
[WhiteTeam "Liptov Chess School"]
[BlackTeam "Komarno"]
[WhiteTeamCountry "SVK"]
[BlackTeamCountry "SVK"]

1. e4 c5 2. c3 d5 3. exd5 Qxd5 4. d4 Nf6 5. Nf3 e6 6. Be2 cxd4 7. Qxd4 Bc5 8. Qxd5 Nxd5 9. 0-0 Nc6 10. Nbd2 0-0 11. Ne4 Be7 12. Rd1 f5 13. Ng3 Bf6 14. Bc4 Nb6 15. Bb3 Kh8 16. Bg5 e5 17. Bxf6 gxf6 18. Rd6 Na5 19. Rad1 Nac4 20. Rd8 Be6 21. Rxa8 Rxa8 22. Bxc4 Nxc4 23. b3 Nb6 24. Nh5 Nd7 25. Rd6 1/2-1/2

[Event "SVK-chT2B 2223"]
[Site "Slovakia"]
[Date "2023.02.11"]
[Round "8.4"]
[White "Joba, Arpad"]
[Black "Dlhy, Jozef"]
[Result "1-0"]
[WhiteElo "2115"]
[BlackElo "2031"]
[PlyCount "57"]
[EventDate "2022.10.08"]
[EventType "team-tourn"]
[EventRounds "11"]
[EventCountry "SVK"]
[SourceTitle "EXT 2024"]
[Source "ChessBase"]
[SourceDate "2023.10.10"]
[SourceVersion "1"]
[SourceVersionDate "2023.10.10"]
[SourceQuality "1"]
[WhiteTeam "Komarno II"]
[BlackTeam "Tlmace"]
[WhiteTeamCountry "SVK"]
[BlackTeamCountry "SVK"]

1. e4 c6 2. Nc3 d5 3. Qe2 d4 4. Nd1 e5 5. d3 Bd6 6. g3 Nf6 7. Bg2 Bg4 8. f3 Be6 9. f4 Bg4 10. Bf3 Bxf3 11. Nxf3 Nbd7 12. 0-0 c5 13. a4 Qc7 14. Bd2 Nb8 15. fxe5 Bxe5 16. Nxe5 Qxe5 17. Rf5 Qe7 18. Bg5 Nbd7 19. Qf1 h6 20. Qh3 Qe6 21. Nf2 g6 22. Bxf6 Nxf6 23. Rxc5 Qb6 24. Rc8+ Ke7 25. Rxa8 Rxa8 26. Qxh6 Qxb2 27. Rf1 Rd8 28. Qg5 Ke6 29. Qxf6+ 1-0

[Event "SVK-chT 2223"]
[Site "Slovakia"]
[Date "2023.01.22"]
[Round "6.4"]
[White "Joba, Arpad"]
[Black "Macko, Michal"]
[Result "1/2-1/2"]
[WhiteElo "2073"]
[BlackElo "2141"]
[PlyCount "74"]
[EventDate "2022.10.22"]
[EventType "team-tourn"]
[EventRounds "11"]
[EventCountry "SVK"]
[SourceTitle "EXT 2024"]
[Source "ChessBase"]
[SourceDate "2023.10.10"]
[SourceVersion "1"]
[SourceVersionDate "2023.10.10"]
[SourceQuality "1"]
[WhiteTeam "Komarno"]
[BlackTeam "Liptov Chess School"]
[WhiteTeamCountry "SVK"]
[BlackTeamCountry "SVK"]

1. a3 e5 2. c4 Be7 3. d3 f5 4. Nc3 Nf6 5. g3 0-0 6. Nf3 d6 7. Bg2 c6 8. 0-0 Qe8 9. e3 Qh5 10. c5 Be6 11. cxd6 Bxd6 12. Nd2 Qxd1 13. Rxd1 a5 14. b3 Nbd7 15. Bb2 Nc5 16. Nc4 Bc7 17. Rab1 Nxb3 18. Ne2 Bxc4 19. dxc4 a4 20. Nc1 Rfd8 21. Nxb3 axb3 22. Rxd8+ Rxd8 23. Bc3 Rd3 24. Bb4 Ne4 25. Bf1 Rd7 26. c5 Kf8 27. Rxb3 Rd1 28. Rd3 Rxd3 29. Bxd3 g6 30. f3 Ng5 31. Be2 e4 32. f4 Ne6 33. Bc4 Ke7 34. Kf2 Kd7 35. a4 Bd8 36. Ke2 Be7 37. h4 h5 1/2-1/2

[Event "SVK-chT 2223"]
[Site "Slovakia"]
[Date "2023.01.21"]
[Round "5.4"]
[White "Joba, Arpad"]
[Black "Brhel, Jan"]
[Result "1-0"]
[WhiteElo "2073"]
[BlackElo "2045"]
[PlyCount "70"]
[EventDate "2022.10.22"]
[EventType "team-tourn"]
[EventRounds "11"]
[EventCountry "SVK"]
[SourceTitle "EXT 2024"]
[Source "ChessBase"]
[SourceDate "2023.10.10"]
[SourceVersion "1"]
[SourceVersionDate "2023.10.10"]
[SourceQuality "1"]
[WhiteTeam "Komarno"]
[BlackTeam "Zilina Mladost"]
[WhiteTeamCountry "SVK"]
[BlackTeamCountry "SVK"]

1. e4 e5 2. Nf3 Nc6 3. d4 exd4 4. Nxd4 Qf6 5. Nb3 Qg6 6. f3 Nf6 7. Bf4 Bb4+ 8. c3 Be7 9. Bxc7 0-0 10. Bg3 d5 11. exd5 Rd8 12. c4 Nb4 13. Na3 Nfxd5 14. cxd5 Nxd5 15. Bd3 Bb4+ 16. Kf1 Bf5 17. Bxf5 Ne3+ 18. Ke2 Nxf5 19. Qb1 Qa6+ 20. Kf2 Qb6+ 21. Kf1 Ne3+ 22. Ke2 Re8 23. Rc1 Rad8 24. Kf2 Nd1+ 25. Kf1 Be1 26. Rxd1 Bxg3 27. hxg3 Qa6+ 28. Kg1 Qb6+ 29. Nd4 Rxd4 30. Rxd4 Qxd4+ 31. Kf1 Qb6 32. Qc2 Qa6+ 33. Qc4 Qg6 34. Re1 Rd8 35. Qe4 Re8 1-0

[Event "SVK-chT2B 2223"]
[Site "Slovakia"]
[Date "2022.11.12"]
[Round "3.4"]
[White "Krcmar, Milan"]
[Black "Joba, Arpad"]
[Result "0-1"]
[WhiteElo "1945"]
[BlackElo "2073"]
[PlyCount "52"]
[EventDate "2022.10.08"]
[EventType "team-tourn"]
[EventRounds "11"]
[EventCountry "SVK"]
[SourceTitle "EXT 2024"]
[Source "ChessBase"]
[SourceDate "2023.10.10"]
[SourceVersion "1"]
[SourceVersionDate "2023.10.10"]
[SourceQuality "1"]
[WhiteTeam "Nemsova Horne Srnie"]
[BlackTeam "Komarno II"]
[WhiteTeamCountry "SVK"]
[BlackTeamCountry "SVK"]

1. e4 c5 2. Nc3 a6 3. a4 b6 4. g3 Bb7 5. Bg2 e6 6. d3 Nf6 7. Nge2 Be7 8. b3 Nc6 9. Bb2 0-0 10. 0-0 d5 11. exd5 exd5 12. Nf4 Nb4 13. Nb1 Rc8 14. Nd2 Bd6 15. Bxf6 Qxf6 16. Nh5 Qc3 17. Rc1 g6 18. Nf4 Rfe8 19. Nb1 Qf6 20. c3 Bxf4 21. cxb4 Bxc1 22. Qxc1 cxb4 23. Qd1 Qb2 24. Nd2 Rc2 25. Nf3 Ree2 26. Ne1 Rcd2 0-1

[Event "SVK-ch Amateurs"]
[Site "Topolcany"]
[Date "2021.08.09"]
[Round "7"]
[White "Joba, Arpad"]
[Black "Petro, Lukas"]
[Result "1-0"]
[WhiteElo "2131"]
[BlackElo "1738"]
[PlyCount "73"]
[EventDate "2021.08.06"]
[EventType "swiss"]
[EventRounds "7"]
[EventCountry "SVK"]
[SourceTitle "EXT 2022"]
[Source "ChessBase"]
[SourceDate "2021.10.06"]
[SourceVersion "1"]
[SourceVersionDate "2021.10.06"]
[SourceQuality "1"]

1. e4 e6 2. d4 d5 3. Nc3 Bb4 4. e5 c5 5. a3 Bxc3+ 6. bxc3 c4 7. Qg4 Kf8 8. h4 h5 9. Qf3 Nd7 10. Nh3 Qe8 11. a4 Ne7 12. Nf4 Nf5 13. Nxh5 f6 14. g4 fxe5 15. Ng3 exd4 16. cxd4 Nf6 17. gxf5 exf5+ 18. Be2 Qe6 19. Kf1 Bd7 20. Ba3+ Kg8 21. Re1 Ne4 22. Nxe4 fxe4 23. Qg3 Re8 24. h5 Rh6 25. Bc1 Rf6 26. Bg5 Rf5 27. Be3 Ref8 28. Bg4 Rxf2+ 29. Bxf2 Qxg4 30. Qxg4 Bxg4 31. h6 g6 32. Rh4 Bh5 33. Kg1 Kh7 34. Be3 Rf3 35. Rf4 Rg3+ 36. Kh2 Bf3 37. Kxg3 1-0

[Event "SVK-ch Amateurs"]
[Site "Topolcany"]
[Date "2021.08.08"]
[Round "5"]
[White "Joba, Arpad"]
[Black "Mikus, Peter"]
[Result "0-1"]
[WhiteElo "2131"]
[BlackElo "1703"]
[PlyCount "118"]
[EventDate "2021.08.06"]
[EventType "swiss"]
[EventRounds "7"]
[EventCountry "SVK"]
[SourceTitle "EXT 2022"]
[Source "ChessBase"]
[SourceDate "2021.10.06"]
[SourceVersion "1"]
[SourceVersionDate "2021.10.06"]
[SourceQuality "1"]

1. e4 e6 2. d4 d5 3. exd5 exd5 4. Bd3 Nf6 5. Ne2 Be7 6. 0-0 0-0 7. Bf4 c6 8. Nd2 Bg4 9. f3 Bh5 10. Re1 Bg6 11. Nf1 Nbd7 12. Neg3 Bxd3 13. Qxd3 Re8 14. Nf5 Bf8 15. N1e3 Nh5 16. Bd6 Re6 17. Bxf8 Qxf8 18. Ng4 Rae8 19. Qd2 Nhf6 20. Nf2 Nb6 21. b3 Nc8 22. Nd3 Nd6 23. Nxd6 Qxd6 24. Nc5 R6e7 25. Rxe7 Qxe7 26. Kf2 b6 27. Nd3 Qd6 28. g3 h6 29. a4 c5 30. dxc5 bxc5 31. Qa5 c4 32. Qc5 Ne4+ 33. fxe4 Qf6+ 34. Nf4 Qxa1 35. Qxd5 cxb3 36. cxb3 Qb2+ 37. Kf3 Qf6 38. Ke3 Rd8 39. Qc4 Qb6+ 40. Ke2 Qg1 41. Nd5 Qxh2+ 42. Kf3 Qh1+ 43. Kf4 Qh5 44. b4 Re8 45. a5 Qg5+ 46. Kf3 Kh8 47. b5 f5 48. exf5 Qxf5+ 49. Nf4 Rc8 50. Qd4 Kh7 51. g4 Qf7 52. Kg3 Rf8 53. b6 axb6 54. axb6 g5 55. Qe4+ Kg8 56. Nd3 Re8 57. Qd4 Qe7 58. Nc5 Qe1+ 59. Qf2 Re3+ 0-1

[Event "SVK-ch Amateurs"]
[Site "Topolcany"]
[Date "2021.08.07"]
[Round "3"]
[White "Joba, Arpad"]
[Black "Rucek, Kristian"]
[Result "0-1"]
[WhiteElo "2131"]
[BlackElo "1956"]
[PlyCount "74"]
[EventDate "2021.08.06"]
[EventType "swiss"]
[EventRounds "7"]
[EventCountry "SVK"]
[SourceTitle "EXT 2022"]
[Source "ChessBase"]
[SourceDate "2021.10.06"]
[SourceVersion "1"]
[SourceVersionDate "2021.10.06"]
[SourceQuality "1"]

1. e4 e6 2. d4 d5 3. Nc3 Bb4 4. e5 Ne7 5. a3 Bxc3+ 6. bxc3 c5 7. Qg4 Qc7 8. Qxg7 Rg8 9. Qxh7 cxd4 10. Ne2 dxc3 11. f4 Nbc6 12. Qd3 d4 13. Ng3 Bd7 14. Ne4 0-0-0 15. Nd6+ Kb8 16. Rb1 Bc8 17. Nxf7 Rd5 18. Qh7 Rf8 19. Qg7 Rg8 20. Qh7 Rf8 21. Ng5 Nxe5 22. fxe5 Qxe5+ 23. Be2 d3 24. cxd3 c2 25. Rb3 Nf5 26. Nf3 Qf6 27. 0-0 Rh8 28. Bg5 Qf8 29. Bf4+ e5 30. Nxe5 Qc5+ 31. Kh1 Rxh7 32. Nd7+ Ka8 33. Nxc5 Rxc5 34. d4 Nxd4 35. Bd3 Rf7 36. Bxc2 Nxb3 37. Bxb3 Rxf4 0-1

[Event "Skalica Masters op"]
[Site "Skalica"]
[Date "2020.08.28"]
[Round "7"]
[White "Joba, Arpad"]
[Black "Townsend, M Paul"]
[Result "1/2-1/2"]
[WhiteElo "2124"]
[BlackElo "2220"]
[PlyCount "55"]
[EventDate "2020.08.23"]
[EventType "swiss"]
[EventRounds "9"]
[EventCountry "SVK"]
[SourceTitle "CBM 198 Extra"]
[Source "ChessBase"]
[SourceDate "2020.11.30"]
[SourceVersion "1"]
[SourceVersionDate "2020.11.30"]
[SourceQuality "1"]

1. e4 e6 2. d4 d5 3. Nc3 Bb4 4. e5 Ne7 5. a3 Bxc3+ 6. bxc3 c5 7. Qg4 Nf5 8. Bd3 h5 9. Qh3 cxd4 10. g4 Ne7 11. cxd4 Nbc6 12. Ne2 Qa5+ 13. Bd2 Qa4 14. c3 b6 15. Nf4 g6 16. gxh5 Ba6 17. h6 0-0-0 18. Bxa6+ Qxa6 19. Nd3 Rh7 20. Bg5 Rdh8 21. Nb4 Nxb4 22. cxb4 Nf5 23. Rc1+ Kb8 24. Qc3 Rc8 25. Qxc8+ Qxc8 26. Rxc8+ Kxc8 27. Be3 Nxh6 28. Bxh6 1/2-1/2

[Event "Skalica Masters op"]
[Site "Skalica"]
[Date "2020.08.25"]
[Round "4"]
[White "Jurakic, Lukas"]
[Black "Joba, Arpad"]
[Result "0-1"]
[WhiteElo "2023"]
[BlackElo "2124"]
[PlyCount "82"]
[EventDate "2020.08.23"]
[EventType "swiss"]
[EventRounds "9"]
[EventCountry "SVK"]
[SourceTitle "CBM 198 Extra"]
[Source "ChessBase"]
[SourceDate "2020.11.30"]
[SourceVersion "1"]
[SourceVersionDate "2020.11.30"]
[SourceQuality "1"]

1. e4 c5 2. Nf3 d6 3. d4 cxd4 4. Nxd4 Nf6 5. Nc3 a6 6. Bg5 Nbd7 7. f4 Qc7 8. Qf3 b5 9. 0-0-0 Bb7 10. Bd3 g6 11. Nd5 Nxd5 12. exd5 Bg7 13. Nc6 Nf6 14. Rhe1 e6 15. f5 0-0 16. fxe6 fxe6 17. Qh3 e5 18. Bxf6 Rxf6 19. Be4 Raf8 20. Qd3 Bh6+ 21. Kb1 Bc8 22. h3 Bf5 23. a4 Qb6 24. a5 Qf2 25. Bxf5 gxf5 26. c4 e4 27. Qd4 Qxd4 28. Rxd4 bxc4 29. Rxc4 R6f7 30. Rc2 Rb7 31. g4 fxg4 32. hxg4 Rf4 33. Nd4 Rxg4 34. Nf5 Bf8 35. Rc8 Rg2 36. Nh6+ Kg7 37. Nf5+ Kf7 38. Rxe4 Rbxb2+ 39. Kc1 Rbf2 40. Ne3 Rg1+ 41. Nd1 Bh6+ 0-1

[Event "SVK-chT2B 1920"]
[Site "Slovakia"]
[Date "2020.03.07"]
[Round "10.4"]
[White "Joba, Arpad"]
[Black "Lancz, Ondrej"]
[Result "1-0"]
[WhiteElo "2108"]
[BlackElo "2022"]
[PlyCount "47"]
[EventDate "2019.10.26"]
[EventType "team-tourn"]
[EventRounds "11"]
[EventCountry "SVK"]
[SourceTitle "CBM 195 Extra"]
[Source "ChessBase"]
[SourceDate "2020.05.31"]
[SourceVersion "1"]
[SourceVersionDate "2020.05.31"]
[SourceQuality "1"]
[WhiteTeam "Komarno II"]
[BlackTeam "Sala Slovan Duslo"]
[WhiteTeamCountry "SVK"]
[BlackTeamCountry "SVK"]

1. e4 g6 2. d4 Bg7 3. Nc3 c6 4. f4 d5 5. e5 h5 6. Bd3 Nh6 7. Nf3 Bf5 8. 0-0 Qd7 9. Na4 b6 10. c4 Bxd3 11. Qxd3 dxc4 12. Qxc4 b5 13. e6 Qd6 14. exf7+ Nxf7 15. Qb3 bxa4 16. Qb7 0-0 17. Qxa8 Qd7 18. d5 cxd5 19. Ne5 Bxe5 20. fxe5 e6 21. Be3 d4 22. Qe4 dxe3 23. Qxg6+ Kh8 24. Rf6 1-0

[Event "SVK-ch U18/20"]
[Site "Liptovsky Mikulas"]
[Date "2019.04.28"]
[Round "7"]
[White "Pechac, Jergus"]
[Black "Joba, Arpad"]
[Result "1-0"]
[WhiteElo "2464"]
[BlackElo "2054"]
[PlyCount "115"]
[EventDate "2019.04.23"]
[EventType "swiss"]
[EventRounds "9"]
[EventCountry "SVK"]
[SourceTitle "CBM 190 Extra"]
[Source "ChessBase"]
[SourceDate "2019.07.15"]
[SourceVersion "1"]
[SourceVersionDate "2019.07.15"]
[SourceQuality "1"]

1. d4 Nf6 2. c4 g6 3. Nc3 Bg7 4. e4 d6 5. Be2 0-0 6. Nf3 e5 7. 0-0 Nc6 8. d5 Ne7 9. b4 Nd7 10. Ba3 a5 11. bxa5 b6 12. Bb4 bxa5 13. Ba3 Bh6 14. h4 f5 15. Ng5 Bxg5 16. hxg5 f4 17. Nb5 Ba6 18. Qd3 Nc8 19. Qh3 Ncb6 20. Rab1 f3 21. gxf3 Qxg5+ 22. Kh1 Bxb5 23. Bc1 Qe7 24. cxb5 Na4 25. Bh6 Rf7 26. f4 exf4 27. Bg4 Nac5 28. Be6 Re8 29. Rbc1 Nb6 30. Rxc5 dxc5 31. Bxf4 Qf6 32. Bd2 Rxe6 33. dxe6 Re7 34. Bxa5 Rxe6 35. Bc3 Qe7 36. f3 Rd6 37. Qg3 Nc4 38. Qf4 Rd3 39. Rc1 Rxf3 40. Qxf3 Qh4+ 41. Kg2 Qg5+ 42. Kf2 Qxc1 43. e5 Nb6 44. e6 Qc2+ 45. Kg3 Qf5 46. Qxf5 gxf5 47. Be5 Nd5 48. a4 c4 49. a5 c3 50. b6 Nxb6 51. axb6 cxb6 52. Bxc3 h5 53. Bb4 Kg7 54. Be7 b5 55. Kf4 b4 56. Bxb4 h4 57. Kxf5 h3 58. Bd6 1-0

[Event "SVK-ch U18/20"]
[Site "Liptovsky Mikulas"]
[Date "2019.04.24"]
[Round "2"]
[White "Kardis, Benjamin"]
[Black "Joba, Arpad"]
[Result "1-0"]
[WhiteElo "1932"]
[BlackElo "2054"]
[PlyCount "65"]
[EventDate "2019.04.23"]
[EventType "swiss"]
[EventRounds "9"]
[EventCountry "SVK"]
[SourceTitle "CBM 190 Extra"]
[Source "ChessBase"]
[SourceDate "2019.07.15"]
[SourceVersion "1"]
[SourceVersionDate "2019.07.15"]
[SourceQuality "1"]

1. e4 c5 2. Nf3 d6 3. c3 Nf6 4. h3 Nc6 5. Bd3 e6 6. Bc2 Be7 7. 0-0 0-0 8. a3 Qc7 9. d4 cxd4 10. cxd4 d5 11. e5 Ne4 12. Re1 f5 13. exf6 Nxf6 14. Nc3 a6 15. Qd3 Bd6 16. Bg5 b5 17. Rac1 Rf7 18. Bh4 Bf4 19. Ng5 Bxg5 20. Bxg5 b4 21. Na4 bxa3 22. bxa3 Qd6 23. Nc5 Na5 24. Re3 Nc4 25. Rg3 g6 26. Re1 Nh5 27. Rf3 Rxf3 28. Qxf3 Bd7 29. Bh6 Rd8 30. g4 Ng7 31. Qf6 Ne8 32. Qxd8 Nd2 33. Bxd2 1-0

[Event "SVK-chT2B 1819"]
[Site "Slovakia"]
[Date "2019.04.07"]
[Round "11.5"]
[White "Joba, Arpad"]
[Black "Gaspar, Michal"]
[Result "1/2-1/2"]
[WhiteElo "2054"]
[BlackElo "1856"]
[PlyCount "106"]
[EventDate "2018.10.13"]
[EventType "team-tourn"]
[EventRounds "11"]
[EventCountry "SVK"]
[SourceTitle "EXT 2020"]
[Source "ChessBase"]
[SourceDate "2019.10.17"]
[SourceVersion "1"]
[SourceVersionDate "2019.10.17"]
[SourceQuality "1"]
[WhiteTeam "Komarno II"]
[BlackTeam "Nemsova Horne Srnie"]
[WhiteTeamCountry "SVK"]
[BlackTeamCountry "SVK"]

1. e4 e5 2. Nc3 Nf6 3. Bc4 Nc6 4. d3 d6 5. Nge2 Be7 6. 0-0 0-0 7. f4 Na5 8. Bb3 Nxb3 9. axb3 Bg4 10. h3 Bxe2 11. Qxe2 c6 12. Kh1 a6 13. fxe5 dxe5 14. Rf5 Nd7 15. Be3 f6 16. Raf1 Bc5 17. Nd1 Qe7 18. Bd2 Rad8 19. Ne3 Bxe3 20. Qxe3 Qc5 21. Qxc5 Nxc5 22. Bb4 b6 23. Ra1 Ra8 24. Bxc5 bxc5 25. Ra5 Rf7 26. Rf1 Kf8 27. Rfa1 Rfa7 28. Rxc5 Rc7 29. g4 Ke7 30. g5 Kd6 31. Rca5 Rca7 32. gxf6 gxf6 33. Kg2 Rg8+ 34. Kf3 Rag7 35. Rf1 Rg3+ 36. Ke2 R8g6 37. Rxa6 Rxh3 38. b4 Rg2+ 39. Rf2 Rxf2+ 40. Kxf2 Rh2+ 41. Kf3 Rxc2 42. b5 Rxb2 43. Rxc6+ Ke7 44. b6 Kf7 45. Rc7+ Kg6 46. Rb7 Rb3 47. Kg4 Rxd3 48. Rb8 Rb3 49. b7 Kg7 50. Kh4 Rb4 51. Kh3 Rb3+ 52. Kg4 Rb4 53. Kf3 Rb3+ 1/2-1/2

[Event "SVK-chT2B 1819"]
[Site "Slovakia"]
[Date "2019.03.03"]
[Round "9.6"]
[White "Detko, Jan"]
[Black "Joba, Arpad"]
[Result "0-1"]
[WhiteElo "2089"]
[BlackElo "2009"]
[PlyCount "48"]
[EventDate "2018.10.13"]
[EventType "team-tourn"]
[EventRounds "11"]
[EventCountry "SVK"]
[SourceTitle "CBM 189 Extra"]
[Source "ChessBase"]
[SourceDate "2019.06.03"]
[SourceVersion "1"]
[SourceVersionDate "2019.06.03"]
[SourceQuality "1"]
[WhiteTeam "Prievidza"]
[BlackTeam "Komarno II"]
[WhiteTeamCountry "SVK"]
[BlackTeamCountry "SVK"]

1. e4 e6 2. d4 d5 3. Nc3 Bb4 4. a3 Bxc3+ 5. bxc3 dxe4 6. f3 Nd7 7. Be3 Ngf6 8. Qd2 Nb6 9. c4 exf3 10. Nxf3 Qe7 11. Bd3 Bd7 12. 0-0 0-0 13. Ne5 Ne8 14. Bg5 f6 15. Bh4 Qd6 16. Bxh7+ Kxh7 17. Qd3+ Kg8 18. c5 Qd5 19. c4 Nxc4 20. Nxc4 Bb5 21. Rfc1 Rd8 22. Qb3 Qxd4+ 23. Bf2 Bxc4 24. Rxc4 Qxa1+ 0-1

[Event "SVK-chT2B 1819"]
[Site "Slovakia"]
[Date "2019.02.03"]
[Round "7.6"]
[White "Cvirik, Vladimir"]
[Black "Joba, Arpad"]
[Result "0-1"]
[WhiteElo "1817"]
[BlackElo "2009"]
[PlyCount "62"]
[EventDate "2018.10.13"]
[EventType "team-tourn"]
[EventRounds "11"]
[EventCountry "SVK"]
[SourceTitle "CBM 189 Extra"]
[Source "ChessBase"]
[SourceDate "2019.06.03"]
[SourceVersion "1"]
[SourceVersionDate "2019.06.03"]
[SourceQuality "1"]
[WhiteTeam "Surany"]
[BlackTeam "Komarno II"]
[WhiteTeamCountry "SVK"]
[BlackTeamCountry "SVK"]

1. d4 Nf6 2. c4 g6 3. Nc3 Bg7 4. g3 0-0 5. Bg2 d6 6. e3 Nbd7 7. Nge2 c6 8. 0-0 e5 9. f4 Qe7 10. b3 Re8 11. fxe5 dxe5 12. d5 e4 13. dxc6 bxc6 14. Qc2 Ne5 15. Rb1 Nd3 16. Nf4 Bf5 17. h3 h5 18. a3 Qd7 19. Kh2 g5 20. Nfe2 h4 21. gxh4 gxh4 22. Nd4 Bg6 23. Bd2 Nh5 24. Be1 Be5+ 25. Kg1 Bxd4 26. exd4 Qxd4+ 27. Kh1 Nxe1 28. Rbxe1 Ng3+ 29. Kh2 e3 30. Ne2 Nxf1+ 31. Bxf1 Qe5+ 0-1

[Event "SVK-chT2B 1819"]
[Site "Slovakia"]
[Date "2018.12.15"]
[Round "5.4"]
[White "Gyopos, Istvan"]
[Black "Joba, Arpad"]
[Result "0-1"]
[WhiteElo "1932"]
[BlackElo "2009"]
[PlyCount "114"]
[EventDate "2018.10.13"]
[EventType "team-tourn"]
[EventRounds "11"]
[EventCountry "SVK"]
[SourceTitle "CBM 189 Extra"]
[Source "ChessBase"]
[SourceDate "2019.06.03"]
[SourceVersion "1"]
[SourceVersionDate "2019.06.03"]
[SourceQuality "1"]
[WhiteTeam "Batorove Kosihy II"]
[BlackTeam "Komarno II"]
[WhiteTeamCountry "SVK"]
[BlackTeamCountry "SVK"]

1. e4 c5 2. Nc3 a6 3. g3 b5 4. Bg2 Bb7 5. d3 e6 6. f4 Nf6 7. Nf3 d5 8. Qe2 b4 9. Na4 dxe4 10. Ne5 exd3 11. Nxd3 Bxg2 12. Qxg2 Nbd7 13. Be3 Rc8 14. Qb7 Nd5 15. Bf2 c4 16. Ne5 Nxe5 17. fxe5 Qc7 18. Qxc7 Rxc7 19. 0-0-0 Rc6 20. Rd4 Be7 21. Re1 0-0 22. Ree4 f5 23. Re2 g5 24. b3 cxb3 25. axb3 Rfc8 26. Nb2 Nc3 27. Red2 Ne4 28. Re2 Nxf2 29. Rxf2 Bc5 30. Rdd2 Bxf2 31. Rxf2 Kf7 32. Rd2 Ke7 33. Nd3 a5 34. Kb2 Rc3 35. Re2 Rxd3 36. cxd3 Rc3 37. Rd2 Kd7 38. d4 Kc6 39. d5+ exd5 40. Rf2 d4 41. Rxf5 d3 42. e6 d2 43. Rf1 Rc1 44. e7 Kd7 45. e8Q+ Kxe8 46. Rxc1 dxc1Q+ 47. Kxc1 Kd7 48. Kd2 Kd6 49. Kd3 Kd5 50. Ke3 g4 51. Kd3 Kc5 52. Ke4 Kb5 53. Kf4 a4 54. bxa4+ Kxa4 55. Kxg4 b3 56. h4 b2 57. Kh5 b1Q 0-1